| 000 | 00619nam a2200205 a 4500 | ||
|---|---|---|---|
| 001 | 000021290 | ||
| 005 | 20200930011304.0 | ||
| 008 | 100903s1965 sp r 000 f spa d | ||
| 040 |
_aDO-SdBNP _bspa _cBNPHU |
||
| 082 |
_a863.64 _bV393c |
||
| 100 | 1 |
_aVázquez Azpiri, Héctor, _d1931- _944491 |
|
| 245 | 1 | 0 |
_aEl cura merino, el Regicida / _cHéctor Vázquez Azpiri. |
| 260 |
_aMadrid : _bAlfaguara, _c1965. |
||
| 300 |
_a294 p. ; _c18 cm. |
||
| 490 | 1 | _aLos ojos abieros | |
| 650 | 4 |
_aNovela española _91123 |
|
| 650 | 4 |
_aLiteratura española _ySIGLO XX _93326 |
|
| 830 | 0 |
_aLos ojos abieros ; _944492 |
|
| 049 | _aBNGR | ||
| 999 |
_c20790 _d20790 |
||